[Event "15PCR_PF2"]
[Site "?"]
[Date "2004.??.??"]
[Round "?"]
[White "Hrdy, Roman"]
[Black "Cedrych, Karel"]
[Result "1-0"]
[WhiteElo "2224"]
[BlackElo "2174"]
[PlyCount "67"]
[EventDate "2004.??.??"]
[SourceDate "2005.03.08"]

1. e4 c5 2. Nf3 Nc6 3. d4 cxd4 4. Nxd4 Nf6 5. Nc3 d6 6. Bg5 e6 7. Qd2 a6 8.
O-O-O h6 9. Nxc6 bxc6 10. Bf4 d5 11. Qe3 Be7 12. Be2 O-O 13. h4 Bb4 14. e5 Nd7
15. Bxh6 Bxc3 16. bxc3 Qe7 17. Rh3 Qa3+ 18. Kd2 Nc5 19. Rg3 Ne4+ 20. Ke1 Nxg3
21. Qxg3 g6 22. h5 Ra7 23. hxg6 f5 24. exf6 Rxf6 25. Qb8 Rxg6 26. Qxc8+ Kh7 27.
Be3 Qxc3+ 28. Kf1 Rag7 29. Bd3 Qf6 30. Rb1 Rf7 31. Rb8 Rf8 32. Qxf8 Qxf8 33.
Rxf8 Kg7 34. Ra8 1-0

[Event "15PCR_PF2"]
[Site "?"]
[Date "2004.??.??"]
[Round "?"]
[White "Hrdy, Roman"]
[Black "Glembek, Bohumir"]
[Result "1-0"]
[WhiteElo "2224"]
[BlackElo "2120"]
[PlyCount "105"]
[EventDate "2004.??.??"]
[SourceDate "2005.03.08"]

1. e4 Nf6 2. e5 Nd5 3. d4 d6 4. c4 Nb6 5. f4 dxe5 6. fxe5 Nc6 7. Be3 Bf5 8. Nc3
e6 9. Nf3 Qd7 10. Be2 O-O-O 11. O-O Bg4 12. c5 Nd5 13. Nxd5 Qxd5 14. b4 Ne7 15.
Re1 Qe4 16. Qb3 Qg6 17. b5 Nd5 18. a4 Be7 19. b6 cxb6 20. cxb6 a6 21. a5 Kb8
22. Bd2 Bf5 23. Rac1 Be4 24. Rc4 Rc8 25. Rec1 Rxc4 26. Bxc4 Re8 27. Ne1 f6 28.
Qa4 Rd8 29. Bxd5 Bxd5 30. Bb4 Qe4 31. Qc2 Qxc2 32. Nxc2 Bxb4 33. Nxb4 fxe5 34.
dxe5 Rc8 35. Rf1 Be4 36. Rd1 g5 37. Kf2 Bg6 38. Ke3 Rc3+ 39. Kd4 Rc8 40. Rf1
Rd8+ 41. Kc5 g4 42. g3 Kc8 43. Rf4 Bf5 44. Rd4 Rd7 45. Rd6 Rf7 46. Na2 Bc2 47.
Rxe6 Bb3 48. Re8+ Kd7 49. Rb8 Bxa2 50. Rxb7+ Kc8 51. Rxf7 Bxf7 52. Kd6 Bg6 53.
Ke6 1-0

[Event "15PCR_PF2"]
[Site "?"]
[Date "2004.??.??"]
[Round "?"]
[White "Hrdy, Roman"]
[Black "Jarabinsky, Martin"]
[Result "1-0"]
[WhiteElo "2224"]
[BlackElo "2116"]
[PlyCount "53"]
[EventDate "2004.??.??"]
[SourceDate "2005.03.08"]

1. e4 c5 2. Nf3 e6 3. d4 cxd4 4. Nxd4 Nc6 5. Nc3 Qc7 6. Be2 a6 7. O-O Nf6 8.
Be3 Bb4 9. Na4 Be7 10. Nxc6 bxc6 11. Nb6 Rb8 12. Nxc8 Qxc8 13. Bd4 d5 14. exd5
cxd5 15. c4 O-O 16. Rc1 dxc4 17. Rxc4 Qb7 18. Qc2 Nd5 19. b3 Bf6 20. Bxf6 Nxf6
21. Rc7 Qb6 22. Rc6 Qa5 23. Rxa6 Qb4 24. Rd1 Rbc8 25. Bc4 Rfd8 26. a4 h6 27. h3
1-0

[Event "15PCR_PF2"]
[Site "?"]
[Date "2004.??.??"]
[Round "?"]
[White "Hrdy, Roman"]
[Black "Strnad, Martin"]
[Result "1/2-1/2"]
[WhiteElo "2224"]
[BlackElo "2230"]
[PlyCount "48"]
[EventDate "2004.??.??"]
[SourceDate "2005.03.08"]

1. e4 e5 2. Nf3 Nf6 3. Nxe5 d6 4. Nf3 Nxe4 5. d4 d5 6. Bd3 Nc6 7. O-O Be7 8.
Re1 Bg4 9. c3 f5 10. Nbd2 O-O 11. Qb3 Na5 12. Qc2 Nc6 13. b4 a6 14. a4 Bd6 15.
Ba3 Nxd2 16. Nxd2 Qh4 17. Nf1 Ne7 18. c4 Rf6 19. f4 Ng6 20. g3 Nxf4 21. gxh4
Nh3+ 22. Kg2 Nf4+ 23. Kf2 Nh3+ 24. Kg2 Nf4+ 1/2-1/2

[Event "15PCR_PF2"]
[Site "?"]
[Date "2004.??.??"]
[Round "?"]
[White "Hrdy, Roman"]
[Black "Zednik, Martin"]
[Result "1-0"]
[WhiteElo "2224"]
[BlackElo "1980"]
[PlyCount "79"]
[EventDate "2004.??.??"]
[SourceDate "2005.03.08"]

1. e4 e5 2. Nf3 Nc6 3. Bb5 a6 4. Ba4 Nf6 5. O-O Be7 6. Re1 b5 7. Bb3 d6 8. c3
O-O 9. h3 Na5 10. Bc2 c5 11. d4 Qc7 12. Nbd2 cxd4 13. cxd4 Nc6 14. Nb3 a5 15.
Be3 a4 16. Nbd2 Bd7 17. Rc1 Qb7 18. Qe2 Rfe8 19. Bd3 b4 20. d5 Na5 21. b3 Bd8
22. bxa4 Bb6 23. Bg5 Nh5 24. Nh4 Qa7 25. Qxh5 Bxf2+ 26. Kh2 f6 27. Bxf6 Bxe1
28. Qg5 Bxa4 29. Rxe1 Rf8 30. Rf1 Rf7 31. Qg4 h6 32. Be2 Bd7 33. Qg3 Be8 34.
Bh5 Rf8 35. Bxe8 Raxe8 36. Rf3 Qc7 37. Qg6 Qf7 38. Qg4 Qa7 39. Nf1 Nc4 40. Ng3
1-0

[Event "15PCR_PF2"]
[Site "?"]
[Date "2004.??.??"]
[Round "?"]
[White "Jarabinsky, Martin"]
[Black "Brousek, Jiri"]
[Result "0-1"]
[WhiteElo "2116"]
[BlackElo "2361"]
[PlyCount "86"]
[EventDate "2004.??.??"]
[SourceDate "2005.03.08"]

1. Nf3 e6 2. c4 f5 3. d4 Nf6 4. g3 d5 5. Bg2 c6 6. O-O Bd6 7. b3 Qe7 8. Bb2 O-O
9. Nbd2 b6 10. Ne5 Bb7 11. Rc1 a5 12. Ndf3 Nbd7 13. Qd3 Ne4 14. Nxd7 Qxd7 15.
Ne5 Qe7 16. f3 Nf6 17. a4 Rfd8 18. Qe3 Nd7 19. Nxd7 Qxd7 20. c5 bxc5 21. dxc5
Bc7 22. f4 Ba6 23. Rfd1 Rab8 24. h4 Re8 25. Rb1 e5 26. fxe5 Re7 27. Bh3 Qe8 28.
Bxf5 Bxe5 29. Bxe5 Rxe5 30. Qf4 Qe7 31. Rf1 Rb4 32. Qg5 Qxc5+ 33. Rf2 Qd6 34.
Kf1 g6 35. Rb2 d4 36. h5 d3 37. Rd2 dxe2+ 38. Ke1 Rxf5 39. Rxf5 Rxb3 40. Rb5
Bxb5 41. axb5 Rb1+ 42. Kxe2 Qe6+ 43. Kf3 Qf7+ 0-1

[Event "15PCR_PF2"]
[Site "?"]
[Date "2004.??.??"]
[Round "?"]
[White "Jarabinsky, Martin"]
[Black "Glembek, Bohumir"]
[Result "0-1"]
[WhiteElo "2116"]
[BlackElo "2120"]
[PlyCount "46"]
[EventDate "2004.??.??"]
[SourceDate "2005.03.08"]

1. Nf3 Nf6 2. c4 g6 3. d4 Bg7 4. Nc3 d5 5. Qb3 dxc4 6. Qxc4 O-O 7. e4 Na6 8.
Be2 c6 9. O-O Be6 10. Qa4 Nc7 11. Rd1 Nd7 12. Bg5 h6 13. Be3 Nb6 14. Qc2 f5 15.
exf5 Bxf5 16. Bd3 Bxd3 17. Qxd3 Kh7 18. h4 Qc8 19. h5 Qg4 20. Ne5 Bxe5 21.
hxg6+ Qxg6 22. dxe5 Nbd5 23. Bd4 Rf5 0-1

[Event "15PCR_PF2"]
[Site "?"]
[Date "2004.??.??"]
[Round "?"]
[White "Jarabinsky, Martin"]
[Black "Hrdy, Roman"]
[Result "0-1"]
[WhiteElo "2116"]
[BlackElo "2224"]
[PlyCount "51"]
[EventDate "2004.??.??"]
[SourceDate "2005.03.08"]

1. Nf3 g6 2. c4 c5 3. d4 cxd4 4. Nxd4 Bg7 5. e4 Nc6 6. Be3 Nf6 7. Nc3 O-O 8.
Be2 d6 9. O-O Bd7 10. Qd2 Nxd4 11. Bxd4 Bc6 12. f3 Nd7 13. Bf2 a5 14. b3 Nc5
15. Rab1 f5 16. exf5 Rxf5 17. Nd5 Qf8 18. Bd3 Nxd3 19. Qxd3 Qf7 20. Rbd1 b5 21.
Rfe1 Re8 22. Qe4 Kf8 23. Bg3 a4 24. h3 axb3 25. axb3 bxc4 26. bxc4 0-1

[Event "15PCR_PF2"]
[Site "?"]
[Date "2004.??.??"]
[Round "?"]
[White "Jarabinsky, Martin"]
[Black "Zednik, Martin"]
[Result "1/2-1/2"]
[WhiteElo "2116"]
[BlackElo "1980"]
[PlyCount "78"]
[EventDate "2004.??.??"]
[SourceDate "2005.03.08"]

1. Nf3 d5 2. c4 e6 3. d4 Nf6 4. g3 Be7 5. Bg2 O-O 6. Nc3 dxc4 7. Ne5 c5 8. dxc5
Qxd1+ 9. Nxd1 Bxc5 10. Nxc4 Nc6 11. O-O Nd5 12. Nde3 Nd4 13. Rd1 Nxe2+ 14. Kf1
Nd4 15. Bd2 Bd7 16. Nxd5 exd5 17. Bxd5 Bh3+ 18. Bg2 Bg4 19. Rdc1 Be2+ 20. Kg1
Rad8 21. Bxb7 Bd3 22. Ne5 Ne2+ 23. Kg2 Nxc1 24. Rxc1 Bb6 25. Bb4 Rfe8 26. Nxd3
Rxd3 27. Ba6 Rdd8 28. b3 g5 29. h3 h5 30. Bc3 f5 31. a4 Kf7 32. a5 Bc7 33. Bb5
Re4 34. Ba1 Bxa5 35. Rc5 Rd1 36. Bb2 Kg6 37. Rc6+ Kh7 38. Rf6 h4 39. Rf7+ Kg6
1/2-1/2

[Event "15PCR_PF2"]
[Site "?"]
[Date "2004.??.??"]
[Round "?"]
[White "Strnad, Martin"]
[Black "Binas, Jindrich"]
[Result "1-0"]
[WhiteElo "2230"]
[BlackElo "2175"]
[PlyCount "63"]
[EventDate "2004.??.??"]
[SourceDate "2005.03.08"]

1. e4 c5 2. Nf3 Nc6 3. d4 cxd4 4. Nxd4 Nf6 5. Nc3 e5 6. Ndb5 d6 7. Nd5 Nxd5 8.
exd5 Nb8 9. Qf3 a6 10. Qa3 b6 11. Bg5 f6 12. Bd2 Bb7 13. Nc3 Be7 14. Qa4+ b5
15. Qg4 O-O 16. Bd3 Bc8 17. Bf5 Bxf5 18. Qxf5 Qd7 19. Qe6+ Kh8 20. a4 Qc7 21.
Ne4 Ra7 22. axb5 Qxc2 23. Nxd6 Bxd6 24. Qxd6 Re8 25. Qa3 Qe4+ 26. Be3 Qxg2 27.
Rf1 Rd7 28. bxa6 Nxa6 29. Qxa6 Qxd5 30. Rg1 f5 31. Qe2 Qe4 32. Bd2 1-0

[Event "15PCR_PF2"]
[Site "?"]
[Date "2004.??.??"]
[Round "?"]
[White "Strnad, Martin"]
[Black "Brousek, Jiri"]
[Result "1-0"]
[WhiteElo "2230"]
[BlackElo "2361"]
[PlyCount "101"]
[EventDate "2004.??.??"]
[SourceDate "2005.03.08"]

1. e4 e6 2. d3 d5 3. Nd2 Nf6 4. Ngf3 c5 5. g3 Be7 6. Bg2 Nc6 7. O-O Qc7 8. Re1
O-O 9. c3 b6 10. Nf1 dxe4 11. dxe4 Rd8 12. Qa4 Bb7 13. e5 Nd7 14. Qg4 Nf8 15.
h4 Kh8 16. Bf4 Ng6 17. h5 Nxf4 18. Qxf4 Rg8 19. Qxf7 Nd8 20. Qf4 Rf8 21. Qg4
Nf7 22. Rad1 Rae8 23. N1d2 Bc8 24. Nc4 Nh6 25. Qe4 Bb7 26. Qe2 Rd8 27. Rxd8
Rxd8 28. Rd1 Rf8 29. Nd6 Bd5 30. c4 Bc6 31. Ne1 Rd8 32. Bh3 a6 33. Qe3 Bxd6 34.
Rxd6 Rxd6 35. exd6 Qxd6 36. Qxe6 Qxe6 37. Bxe6 Be8 38. g4 Bf7 39. Bxf7 Nxf7 40.
Nd3 Kg8 41. f4 Kf8 42. Kf2 Nd6 43. b3 Ke7 44. Ke3 h6 45. f5 Ne8 46. b4 cxb4 47.
Nxb4 b5 48. cxb5 axb5 49. Nd5+ Kd7 50. Kd4 Kd6 51. Ke4 1-0

[Event "15PCR_PF2"]
[Site "?"]
[Date "2004.??.??"]
[Round "?"]
[White "Strnad, Martin"]
[Black "Cedrych, Karel"]
[Result "1-0"]
[WhiteElo "2230"]
[BlackElo "2174"]
[PlyCount "77"]
[EventDate "2004.??.??"]
[SourceDate "2005.03.08"]

1. e4 c5 2. Nf3 Nc6 3. d4 cxd4 4. Nxd4 Nf6 5. Nc3 d6 6. Bb5 Bd7 7. O-O g6 8.
Nd5 Bg7 9. Nxf6+ Bxf6 10. Be3 Qc7 11. c3 O-O 12. f4 a6 13. Nxc6 Bxc6 14. Bd3
Rac8 15. a4 Qd7 16. a5 d5 17. e5 Bg7 18. Bc2 Qc7 19. Bb6 Qd7 20. Rf3 Qg4 21.
Qd4 Bb5 22. Qf2 Qd7 23. Rh3 e6 24. g4 h6 25. Bd4 Kh7 26. f5 Rh8 27. Rf3 Qe8 28.
h4 Rg8 29. f6 Bf8 30. h5 Qd7 31. g5 Kh8 32. hxg6 fxg6 33. gxh6 Qf7 34. h7 Qxh7
35. Kg2 Rc7 36. Rh1 Qxh1+ 37. Kxh1 Rh7+ 38. Kg2 Rh5 39. Rg3 1-0

[Event "15PCR_PF2"]
[Site "?"]
[Date "2004.??.??"]
[Round "?"]
[White "Strnad, Martin"]
[Black "Glembek, Bohumir"]
[Result "1-0"]
[WhiteElo "2230"]
[BlackElo "2120"]
[PlyCount "71"]
[EventDate "2004.??.??"]
[SourceDate "2005.03.08"]

1. e4 Nf6 2. e5 Nd5 3. d4 d6 4. Nf3 Bg4 5. Be2 e6 6. O-O a6 7. c4 Nb6 8. exd6
cxd6 9. Nbd2 Nc6 10. Qb3 Na5 11. Qc3 Nc6 12. a4 a5 13. d5 exd5 14. Re1 Be6 15.
Nd4 Qf6 16. Nxe6 Qxc3 17. bxc3 fxe6 18. cxd5 Nxd5 19. Bc4 Kd7 20. Rb1 Kc7 21.
Bxd5 exd5 22. Nf1 d4 23. cxd4 Nxd4 24. Bd2 Rg8 25. Ne3 Ne6 26. Nd5+ Kc6 27.
Rxe6 Kxd5 28. Ree1 g5 29. Rb5+ Kc6 30. Rc1+ Kd7 31. Rxb7+ Ke6 32. Re1+ Kd5 33.
Rxh7 Bg7 34. Bxg5 Rab8 35. Be3 Bc3 36. Rd1+ 1-0

[Event "15PCR_PF2"]
[Site "?"]
[Date "2004.??.??"]
[Round "?"]
[White "Strnad, Martin"]
[Black "Hrdy, Roman"]
[Result "1/2-1/2"]
[WhiteElo "2230"]
[BlackElo "2224"]
[PlyCount "72"]
[EventDate "2004.??.??"]
[SourceDate "2005.03.08"]

1. e4 c5 2. Nf3 d6 3. d4 cxd4 4. Nxd4 Nf6 5. Nc3 a6 6. Bc4 e6 7. O-O b5 8. Bb3
Be7 9. Qf3 Qc7 10. a3 O-O 11. Qg3 Kh8 12. Be3 Nc6 13. Nxc6 Qxc6 14. Bd4 Bb7 15.
f3 Nh5 16. Qf2 Bf6 17. Rad1 Rfd8 18. Rd3 Nf4 19. Rd2 Bxd4 20. Qxd4 Qc7 21. Rfd1
Rd7 22. Qe3 Ng6 23. a4 Bc6 24. axb5 axb5 25. f4 Ne7 26. Ne2 Qb7 27. Ng3 d5 28.
Qc5 h6 29. f5 Qa7 30. Qxa7 Rdxa7 31. Kf2 b4 32. Ne2 Ba4 33. Bxa4 Rxa4 34. fxe6
fxe6 35. Nf4 Ra2 36. Nxe6 dxe4 1/2-1/2

[Event "15PCR_PF2"]
[Site "?"]
[Date "2004.??.??"]
[Round "?"]
[White "Strnad, Martin"]
[Black "Jarabinsky, Martin"]
[Result "1-0"]
[WhiteElo "2230"]
[BlackElo "2116"]
[PlyCount "45"]
[EventDate "2004.??.??"]
[SourceDate "2005.03.08"]

1. e4 e6 2. d4 c5 3. Nf3 cxd4 4. Nxd4 Bc5 5. Be3 Qb6 6. Nb5 Bxe3 7. fxe3 Qxe3+
8. Be2 Na6 9. Nd6+ Ke7 10. Na3 Qc5 11. Nab5 Nf6 12. Qd2 Rd8 13. Rf1 Kf8 14. g4
h6 15. h4 Nb4 16. O-O-O Kg8 17. g5 hxg5 18. hxg5 a6 19. gxf6 axb5 20. a3 g6 21.
Rh1 Qxc2+ 22. Qxc2 Nxc2 23. Rh6 1-0

[Event "15PCR_PF2"]
[Site "?"]
[Date "2004.??.??"]
[Round "?"]
[White "Strnad, Martin"]
[Black "Zednik, Martin"]
[Result "1-0"]
[WhiteElo "2230"]
[BlackElo "1980"]
[PlyCount "125"]
[EventDate "2004.??.??"]
[SourceDate "2005.03.08"]

1. e4 e5 2. Nf3 Nc6 3. Nc3 Nf6 4. Bb5 Bb4 5. O-O O-O 6. d3 d6 7. Bg5 Bxc3 8.
bxc3 Qe7 9. Re1 a6 10. Bxc6 bxc6 11. d4 h6 12. Bh4 Bg4 13. Qd3 Qe6 14. Nd2 Nd7
15. Bg3 Rfb8 16. Nc4 Qf6 17. Na5 Rb6 18. Rab1 Qe6 19. Rxb6 cxb6 20. Nxc6 Qxa2
21. dxe5 dxe5 22. Nxe5 Qe6 23. Qd4 Nxe5 24. Bxe5 f6 25. Bc7 b5 26. f3 Bf5 27.
c4 bxc4 28. Rb1 Qd7 29. Qxc4+ Be6 30. Qc3 a5 31. Bf4 a4 32. Ra1 Qb5 33. Be3 Qe2
34. Bb6 Ra6 35. Ba5 Qb5 36. Bb4 Rb6 37. Ba3 Rc6 38. Qb4 Qe2 39. Re1 Qc4 40.
Qxc4 Rxc4 41. Rc1 Kf7 42. Kf2 f5 43. exf5 Bxf5 44. c3 h5 45. Ke3 h4 46. Bb4 h3
47. g4 Bd7 48. Rd1 Bc6 49. Rd3 g5 50. Kf2 Kg6 51. Kg3 Rf4 52. Bd6 Rf7 53. c4
Kf6 54. f4 gxf4+ 55. Bxf4 Rd7 56. Rxd7 Bxd7 57. Bc1 Ke5 58. Kxh3 Kd4 59. Kh4
Kxc4 60. g5 Kb3 61. g6 Kc2 62. Bf4 a3 63. Kg5 1-0

[Event "15PCR_PF2"]
[Site "?"]
[Date "2004.??.??"]
[Round "?"]
[White "Zednik, Martin"]
[Black "Binas, Jindrich"]
[Result "1/2-1/2"]
[WhiteElo "1980"]
[BlackElo "2175"]
[PlyCount "94"]
[EventDate "2004.??.??"]
[SourceDate "2005.03.08"]

1. e4 c5 2. f4 g6 3. d4 Bg7 4. d5 d6 5. Nf3 Nf6 6. Bb5+ Bd7 7. Bxd7+ Qxd7 8.
Nc3 b5 9. a3 b4 10. axb4 cxb4 11. Na4 Qb7 12. Qd3 O-O 13. O-O Nbd7 14. Bd2 Rfe8
15. Rfe1 a5 16. c4 bxc3 17. Bxc3 Bh6 18. Ng5 Bxg5 19. fxg5 Ng4 20. Qg3 Qa7+ 21.
Kf1 Nge5 22. Red1 Rec8 23. Qf2 Qa6+ 24. Kg1 Rc4 25. Qe2 Qa7+ 26. Kh1 Rac8 27.
Re1 e6 28. Red1 Qb8 29. Bxa5 exd5 30. Nc3 d4 31. Nd5 Rc2 32. Bd2 R8c4 33. b4 d3
34. Qe1 Ng4 35. Qg3 Rxe4 36. h3 Nge5 37. Ra6 Re2 38. Bc3 Rxg2 39. Qxg2 Rxg2 40.
Kxg2 Kf8 41. Rda1 Qb7 42. R1a5 Nc6 43. Ra8+ Ndb8 44. R5a6 Qb5 45. Rxb8+ Nxb8
46. Rxd6 Nc6 47. Kf2 Qb7 1/2-1/2

[Event "15PCR_PF2"]
[Site "?"]
[Date "2004.??.??"]
[Round "?"]
[White "Zednik, Martin"]
[Black "Brousek, Jiri"]
[Result "1/2-1/2"]
[WhiteElo "1980"]
[BlackElo "2361"]
[PlyCount "76"]
[EventDate "2004.??.??"]
[SourceDate "2005.03.08"]

1. e4 e6 2. d4 d5 3. Nc3 dxe4 4. Nxe4 Bd7 5. Nf3 Bc6 6. Bd3 Nd7 7. c4 Ngf6 8.
Nc3 Bxf3 9. Qxf3 c5 10. d5 Ne5 11. Qe2 Nxd3+ 12. Qxd3 Be7 13. O-O O-O 14. Rd1
exd5 15. cxd5 Re8 16. Bg5 Nxd5 17. Qxd5 Bxg5 18. Qxc5 Qe7 19. Qxe7 Rxe7 20. Rd3
Rae8 21. Kf1 Kf8 22. Rad1 g6 23. f4 Bh6 24. g3 Bg7 25. Nd5 Rd7 26. b4 Re4 27.
g4 f5 28. g5 h6 29. h4 a6 30. Kf2 h5 31. Kf3 Kf7 32. R3d2 Ke6 33. a3 b5 34. Rd3
Bb2 35. Kf2 Rc4 36. Kf3 Rc6 37. Re3+ Kf7 38. Red3 Bc1 1/2-1/2

[Event "15PCR_PF2"]
[Site "?"]
[Date "2004.??.??"]
[Round "?"]
[White "Zednik, Martin"]
[Black "Cedrych, Karel"]
[Result "1-0"]
[WhiteElo "1980"]
[BlackElo "2174"]
[PlyCount "105"]
[EventDate "2004.??.??"]
[SourceDate "2005.03.08"]

1. e4 c5 2. f4 e6 3. Nc3 Nc6 4. Nf3 d5 5. g3 Nf6 6. e5 Nd7 7. Bg2 Be7 8. O-O
Rb8 9. a4 a6 10. d3 O-O 11. Ne2 b6 12. d4 Bb7 13. c3 Rc8 14. f5 exf5 15. Qd3 g6
16. Bd2 Re8 17. Nf4 Nf8 18. Rab1 c4 19. Qc2 Na5 20. Be3 Qd7 21. Nd2 Rb8 22.
Rbe1 Bc6 23. Qb1 Ne6 24. h3 Nc7 25. Qd1 Bxa4 26. Qf3 Rbd8 27. Qf2 Bf8 28. Nf3
Nb3 29. g4 Bg7 30. gxf5 Qxf5 31. Qg3 Qc8 32. Nh2 Qb7 33. Ng4 Bd7 34. Nh5 Bxg4
35. Nxg7 Kxg7 36. Qxg4 Qc6 37. Bg5 h5 38. Bf6+ Kh7 39. Qh4 Ne6 40. Bxd8 Nxd8
41. Rf6 Re6 42. Rxe6 Nxe6 43. Qe7 Qc7 44. Qd6 Qa7 45. Bxd5 Nf4 46. Rf1 Nxh3+
47. Kg2 Ng5 48. Qd8 Nd2 49. Rf6 b5 50. Rc6 Ne6 51. Bxe6 fxe6 52. Rxe6 Qb7+ 53.
d5 1-0

[Event "15PCR_PF2"]
[Site "?"]
[Date "2004.??.??"]
[Round "?"]
[White "Zednik, Martin"]
[Black "Glembek, Bohumir"]
[Result "1/2-1/2"]
[WhiteElo "1980"]
[BlackElo "2120"]
[PlyCount "61"]
[EventDate "2004.??.??"]
[SourceDate "2005.03.08"]

1. e4 Nf6 2. e5 Nd5 3. d4 d6 4. c4 Nb6 5. exd6 exd6 6. Nc3 Bf5 7. Nf3 Nc6 8.
Be3 Bg4 9. h3 Bh5 10. Be2 Be7 11. O-O O-O 12. d5 Bxf3 13. Bxf3 Ne5 14. b3 Bg5
15. Bd4 Bf6 16. Be4 Re8 17. a4 a5 18. Bxb6 cxb6 19. Qc2 g6 20. Rfe1 Nd7 21. Qd2
Bxc3 22. Qxc3 Nc5 23. Bc2 Qd7 24. Qf6 Rxe1+ 25. Rxe1 Re8 26. Rxe8+ Qxe8 27. Kf1
Qf8 28. Qh4 Qe8 29. Qf6 Qf8 30. Kg1 Qe8 31. Kf1 1/2-1/2

[Event "15PCR_PF2"]
[Site "?"]
[Date "2004.??.??"]
[Round "?"]
[White "Zednik, Martin"]
[Black "Hrdy, Roman"]
[Result "0-1"]
[WhiteElo "1980"]
[BlackElo "2224"]
[PlyCount "84"]
[EventDate "2004.??.??"]
[SourceDate "2005.03.08"]

1. e4 c5 2. f4 Nc6 3. Nf3 g6 4. Bb5 Bg7 5. O-O d6 6. Bxc6+ bxc6 7. d3 Nf6 8.
Qe1 Rb8 9. Na3 O-O 10. Rb1 Nh5 11. d4 cxd4 12. e5 c5 13. Bd2 f6 14. e6 f5 15.
c3 dxc3 16. Bxc3 Bxc3 17. bxc3 Rxb1 18. Nxb1 Ba6 19. Rf2 Nxf4 20. Qe3 Qb6 21.
Nbd2 Nd5 22. Qh6 Nf6 23. Qh4 Bd3 24. c4 Qb2 25. h3 Ne4 26. Ng5 Nxg5 27. Qxg5
Rf6 28. Nf3 Qa1+ 29. Kh2 Rxe6 30. Qd2 Bxc4 31. Qa5 a6 32. Qd2 Re4 33. Qa5 Qc1
34. Qc7 Qe3 35. Qb8+ Kg7 36. Qb2+ e5 37. Rd2 d5 38. Qb8 d4 39. Qd6 Qf4+ 40. Kg1
Re1+ 41. Nxe1 Qxd2 42. Qe7+ Bf7 0-1

[Event "15PCR_PF2"]
[Site "?"]
[Date "2004.??.??"]
[Round "?"]
[White "Zednik, Martin"]
[Black "Jarabinsky, Martin"]
[Result "1-0"]
[WhiteElo "1980"]
[BlackElo "2116"]
[PlyCount "69"]
[EventDate "2004.??.??"]
[SourceDate "2005.03.08"]

1. e4 c5 2. Nf3 e6 3. d4 cxd4 4. Nxd4 Bc5 5. Nb3 Bb6 6. Nc3 Ne7 7. Bf4 O-O 8.
Bd6 Nbc6 9. f4 f5 10. e5 a5 11. Bb5 Be3 12. g3 Qb6 13. Qe2 Rf7 14. Na4 Qa7 15.
c3 h6 16. Rd1 Bb6 17. Nd2 Nd5 18. Nc4 Bd8 19. Ba3 Be7 20. Bxe7 Rxe7 21. Nd6 Ne3
22. Rd2 Kh7 23. Bd3 Nd5 24. c4 Ndb4 25. Qf2 Qxf2+ 26. Kxf2 Na7 27. Nb6 Rb8 28.
c5 Nbc6 29. h3 g6 30. Bc4 Kg8 31. g4 fxg4 32. hxg4 g5 33. Kg3 Rh7 34. Rdh2
gxf4+ 35. Kxf4 1-0

[Event "15PCR_PF2"]
[Site "?"]
[Date "2004.??.??"]
[Round "?"]
[White "Zednik, Martin"]
[Black "Strnad, Martin"]
[Result "1/2-1/2"]
[WhiteElo "1980"]
[BlackElo "2230"]
[PlyCount "54"]
[EventDate "2004.??.??"]
[SourceDate "2005.03.08"]

1. e4 e5 2. Nc3 Nc6 3. Bc4 Nf6 4. Nf3 Bc5 5. d3 d6 6. h3 Na5 7. Bb3 Nxb3 8.
axb3 c6 9. O-O O-O 10. Na4 Bb4 11. Bg5 b5 12. Nc3 a5 13. d4 exd4 14. Qxd4 Bc5
15. Bxf6 Bxd4 16. Bxd8 Bxc3 17. bxc3 Rxd8 18. Ra3 c5 19. Rfa1 Bb7 20. Rxa5 Bxe4
21. Nd2 Rxa5 22. Rxa5 Bxc2 23. Rxb5 Kf8 24. b4 Rc8 25. Nc4 cxb4 26. Rxb4 Ke7
27. Ne3 Bg6 1/2-1/2

[Event "15PCR_PF2"]
[Site "?"]
[Date "2004.??.??"]
[Round "?"]
[White "Binas, Jindrich"]
[Black "Zednik, Martin"]
[Result "0-1"]
[WhiteElo "2175"]
[BlackElo "1980"]
[PlyCount "64"]
[EventDate "2004.??.??"]
[SourceDate "2005.03.08"]

1. e4 e5 2. Nf3 Nc6 3. Bc4 Bc5 4. c3 Nf6 5. d3 d6 6. O-O O-O 7. Bb3 a6 8. Nbd2
b5 9. Bc2 Bb6 10. h3 Bb7 11. Re1 Re8 12. Nf1 d5 13. Bg5 d4 14. Ng3 Ba5 15. Bb3
h6 16. Bxf6 Qxf6 17. Rc1 dxc3 18. bxc3 Ne7 19. Re3 Ng6 20. d4 Rad8 21. Qe2 Nf4
22. Qc2 c5 23. dxe5 Qg6 24. c4 b4 25. Ba4 Rf8 26. a3 Bb6 27. Rd1 Rxd1+ 28. Qxd1
Rd8 29. Qf1 Qe6 30. Nf5 a5 31. Nd6 Ba8 32. axb4 axb4 0-1

[Event "15PCR_PF2"]
[Site "?"]
[Date "2004.??.??"]
[Round "?"]
[White "Cedrych, Karel"]
[Black "Jarabinsky, Martin"]
[Result "1-0"]
[WhiteElo "2174"]
[BlackElo "2116"]
[PlyCount "93"]
[EventDate "2004.??.??"]
[SourceDate "2005.03.08"]

1. e4 c5 2. Nf3 e6 3. d4 cxd4 4. Nxd4 Bc5 5. Nb3 Bb6 6. Nc3 Ne7 7. Bf4 d5 8.
exd5 exd5 9. Bb5+ Nbc6 10. O-O O-O 11. Qd2 Re8 12. Rfe1 Bf5 13. Rad1 a6 14. Bd3
Bg4 15. Be2 Qc8 16. h3 Bxe2 17. Rxe2 Qf5 18. Rde1 Rad8 19. Na4 Ba7 20. Bc7 Rc8
21. Bb6 Bb8 22. Bc5 Bf4 23. Qc3 f6 24. Bxe7 Be5 25. Rxe5 Nxe5 26. Bc5 Nc4 27.
Bd4 Ne5 28. Nbc5 Rc6 29. Bxe5 fxe5 30. Qb3 Qf7 31. Nxb7 Rf8 32. Re2 Rf6 33.
Rxe5 Rxf2 34. Qxd5 Qxd5 35. Rxd5 Rxc2 36. Rd8 Rxd8 37. Nxd8 Rc4 38. Nc3 Rb4 39.
b3 Rd4 40. Ne6 Rd2 41. Nf4 Kf8 42. Nfe2 h6 43. Kf2 Rd3 44. b4 Ke7 45. Ne4 a5
46. b5 Kd8 47. a4 1-0

[Event "15PCR_PF2"]
[Site "?"]
[Date "2004.??.??"]
[Round "?"]
[White "Jarabinsky, Martin"]
[Black "Cedrych, Karel"]
[Result "0-1"]
[WhiteElo "2116"]
[BlackElo "2174"]
[PlyCount "90"]
[EventDate "2004.??.??"]
[SourceDate "2005.03.08"]

1. Nf3 d5 2. c4 e6 3. g3 Nf6 4. Bg2 Be7 5. d4 O-O 6. O-O dxc4 7. Qc2 a6 8. a4
Bd7 9. Qxc4 Bc6 10. Bg5 Nbd7 11. Nc3 a5 12. Qd3 h6 13. Bxf6 Bxf6 14. e4 Nb6 15.
Qe3 Qe8 16. b3 Rd8 17. Rfc1 Rd7 18. Bh3 Rd8 19. Rd1 Kh8 20. Bg2 Nc8 21. Ne2 Ne7
22. Ne5 Bxe5 23. dxe5 b6 24. Qc3 Rxd1+ 25. Rxd1 Qa8 26. Qd3 Qb8 27. Nd4 Rd8 28.
Qf1 Bd7 29. f4 Be8 30. Rd3 Nc6 31. Nxc6 Bxc6 32. Kf2 Kg8 33. Rxd8+ Qxd8 34. Ke3
Kf8 35. Bf3 Ke7 36. Qd1 Qxd1 37. Bxd1 Bb7 38. Be2 Kd7 39. h4 Bc8 40. g4 Ke7 41.
Bd3 Bd7 42. Ba6 Bc6 43. Bc4 Be8 44. Bd3 Kf8 45. Kf3 Bd7 0-1

[Event "15PCR_PF2"]
[Site "?"]
[Date "2004.??.??"]
[Round "?"]
[White "Jarabinsky, Martin"]
[Black "Strnad, Martin"]
[Result "0-1"]
[WhiteElo "2116"]
[BlackElo "2230"]
[PlyCount "76"]
[EventDate "2004.??.??"]
[SourceDate "2005.03.08"]

1. Nf3 Nf6 2. c4 e6 3. d4 d5 4. Nc3 c6 5. e3 Nbd7 6. Qc2 Bd6 7. Bd2 O-O 8. Bd3
Qe7 9. O-O dxc4 10. Bxc4 e5 11. h3 e4 12. Ng5 Nb6 13. Bb3 Bf5 14. f3 Nbd5 15.
Ncxe4 h6 16. Nxf6+ Qxf6 17. Ne4 Qg6 18. g4 Rfe8 19. Bxd5 cxd5 20. Nf6+ Qxf6 21.
Qxf5 Qh4 22. Rf2 Rad8 23. Qh5 Qf6 24. Rc1 Be7 25. f4 Qe6 26. b3 Rc8 27. Rxc8
Rxc8 28. Qf5 Qxf5 29. gxf5 b6 30. Kh2 Bh4 31. Rg2 a5 32. a4 Kh7 33. b4 Bd8 34.
bxa5 bxa5 35. Be1 Rc1 36. Bg3 Rc3 37. Re2 Ra3 38. Rb2 Rxe3 0-1